Corporate finance essentials / (Record no. 4911)

MARC details
000 -LEADER
fixed length control field 01460cam a22003615a 4500
005 - DATE AND TIME OF LATEST TRANSACTION
control field 20201128013305.0
008 - FIXED-LENGTH DATA ELEMENTS--GENERAL INFORMATION
fixed length control field 090317s2007 nyua|||frb||| 001 0 eng d
010 ## - LIBRARY OF CONGRESS CONTROL NUMBER
LC control number 2005050532
020 ## - INTERNATIONAL STANDARD BOOK NUMBER
International Standard Book Number 9780071107341
020 ## - INTERNATIONAL STANDARD BOOK NUMBER
International Standard Book Number 0071107347 (InternaTIONAL student ed.)
020 ## - INTERNATIONAL STANDARD BOOK NUMBER
International Standard Book Number 0073214558 (annotated instructor's ed. : alk. paper)
040 ## - CATALOGING SOURCE
Original cataloging agency EG-ScBUE
Language of cataloging eng
Transcribing agency EG-ScBUE
082 04 - DEWEY DECIMAL CLASSIFICATION NUMBER
Classification number 658.15
Item number ROS
Edition number 22
100 1# - MAIN ENTRY--PERSONAL NAME
Personal name Ross, Stephen A.
9 (RLIN) 2319
245 10 - TITLE STATEMENT
Title Corporate finance essentials /
Statement of responsibility, etc Stephen A. Ross, Randolph W. Westerfield, Bradford D. Jordan.
250 ## - EDITION STATEMENT
Edition statement 5th ed.
260 ## - PUBLICATION, DISTRIBUTION, ETC. (IMPRINT)
Place of publication, distribution, etc New York :
Name of publisher, distributor, etc McGraw-Hill/Irwin,
Date of publication, distribution, etc c.2007.
300 ## - PHYSICAL DESCRIPTION
Extent p. :
Other physical details ill. (some col.) ;
Dimensions 24 cm.
490 ## - Series Statement
Series statement The McGraw-Hill/Irwin series in finance, insurance, and real estate
500 ## - GENERAL NOTE
General note Includes indexes .
500 ## - GENERAL NOTE
General note Include glossary.
504 ## - BIBLIOGRAPHY, ETC. NOTE
Bibliography, etc Includes bibliographical references.
590 ## - LOCAL NOTE (RLIN)
Local note doaa mohamed
650 #0 - SUBJECT ADDED ENTRY--TOPICAL TERM
Topical term or geographic name as entry element Corporations
General subdivision Finance.
9 (RLIN) 2321
Source of heading or term BUEsh
651 ## - SUBJECT ADDED ENTRY--GEOGRAPHIC NAME
Source of heading or term BUEsh
653 ## - INDEX TERM--UNCONTROLLED
Resource For college BAEPS, Economics
700 1# - ADDED ENTRY--PERSONAL NAME
Personal name Westerfield, Randolph.
9 (RLIN) 2322
700 1# - ADDED ENTRY--PERSONAL NAME
9 (RLIN) 2323
Personal name Jordan, Bradford D.
856 41 - ELECTRONIC LOCATION AND ACCESS
Materials specified Table of contents only
Uniform Resource Identifier <a href="http://www.loc.gov/catdir/enhancements/fy0625/2005050532-t.html">http://www.loc.gov/catdir/enhancements/fy0625/2005050532-t.html</a>
856 41 - ELECTRONIC LOCATION AND ACCESS
Materials specified Publisher description
Uniform Resource Identifier <a href="http://www.loc.gov/catdir/enhancements/fy0632/2005050532-d.html">http://www.loc.gov/catdir/enhancements/fy0632/2005050532-d.html</a>
856 41 - ELECTRONIC LOCATION AND ACCESS
Materials specified Contributor biographical information
Uniform Resource Identifier <a href="http://www.loc.gov/catdir/enhancements/fy0737/2005050532-b.html">http://www.loc.gov/catdir/enhancements/fy0737/2005050532-b.html</a>
942 ## - ADDED ENTRY ELEMENTS (KOHA)
Item type
Call number prefix 658.15ROS
Source of classification or shelving scheme Dewey Decimal Classification
Holdings
Withdrawn status Item status Source of classification or shelving scheme Damaged status Not for loan Home library Current library Shelving location Date acquired Source of acquisition Total Checkouts Total Renewals Full call number Barcode Date last seen Date last borrowed Koha item type Vendor Cost, normal purchase price Cost, replacement price
    Dewey Decimal Classification     Central Library Central Library First floor 09/10/2007 Purchase 10 45 658.15 ROS 000005891 15/07/2025 08/11/2020 Book - Borrowing      
    Dewey Decimal Classification     Central Library Central Library First floor 09/10/2007 Purchase 16 47 658.15 ROS 000005921 15/07/2025 21/03/2016 Book - Borrowing      
    Dewey Decimal Classification     Central Library Central Library First floor 09/10/2007 Purchase 18 34 658.15 ROS 000005906 15/07/2025 05/01/2016 Book - Borrowing      
    Dewey Decimal Classification     Central Library Central Library First floor 09/10/2007 Purchase 23 28 658.15 ROS 000006196 15/07/2025 15/05/2018 Book - Borrowing      
    Dewey Decimal Classification     Central Library Central Library First floor 09/10/2007   14 24 658.15 ROS 000010516 15/07/2025 04/11/2015 Book - Borrowing   192.00 240.00
    Dewey Decimal Classification     Central Library Central Library First floor 19/10/2008 Purchase 14 30 658.15 ROS 000014103 15/07/2025 19/10/2016 Book - Borrowing      
    Dewey Decimal Classification     Central Library Central Library First floor 19/10/2008 Purchase 12 18 658.15 ROS 000014100 15/07/2025 28/10/2019 Book - Borrowing      
    Dewey Decimal Classification     Central Library Central Library First floor 19/10/2008 Purchase 13 31 658.15 ROS 000014101 15/07/2025 01/11/2015 Book - Borrowing      
    Dewey Decimal Classification     Central Library Central Library First floor 19/10/2008 Purchase 15 11 658.15 ROS 000014102 15/07/2025 05/01/2016 Book - Borrowing      
    Dewey Decimal Classification     Central Library Central Library First floor 16/01/2010   7 21 658.15 ROS 000005884 15/07/2025 29/05/2016 Book - Borrowing